000
00297nam a2200121Ia 4500
008
190216s9999||||xx |||||||||||||| ||und||
100
_a
Shoukath Dhanvi
245
0
_a
Hindi-Aaj Ki Arth Kahaniyaam Naye Ghudha
260
_b
Raj Book Service
_c
2011
300
_a
159
650
_a
Hindi
942
_c
BK
999
_c
16909
_d
16909